LEADER 02714nam 22006975 450 001 9910437825303321 005 20250603230347.0 010 $a9789400760615 010 $a9400760612 024 7 $a10.1007/978-94-007-6061-5 035 $a(OCoLC)840466355 035 $a(MiFhGG)GVRL6VGW 035 $a(CKB)2670000000343190 035 $a(MiAaPQ)EBC1106233 035 $a(MiFhGG)9789400760615 035 $a(DE-He213)978-94-007-6061-5 035 $a(EXLCZ)992670000000343190 100 $a20130328d2013 u| 0 101 0 $aeng 135 $aurun|---uuuua 181 $ctxt 182 $cc 183 $acr 200 10$aImmunocytochemistry of Plant Cells /$fby Kevin Vaughn 205 $a1st ed. 2013. 210 1$aDordrecht :$cSpringer Netherlands :$cImprint: Springer,$d2013. 215 $a1 online resource (xi, 131 pages) $cillustrations (some color) 225 0 $aGale eBooks 300 $aDescription based upon print version of record. 311 08$a9789401783514 311 08$a9401783519 311 08$a9789400760608 311 08$a9400760604 320 $aIncludes bibliographical references and index. 327 $aPreface -- 1. Immunocytochemical Techniques -- 2. Chloroplast proteins -- 3. Peroxisomes -- 4. Cell Walls and Golgi -- 5. The Nucleus -- 6. The  Cytoskeleton -- 7. Protein Bodies/ Vacuoles and Cytoplasm -- Index. 330 $aImmunocytochemistry of Plant Cells is the first book exclusively dedicated to this topic. The first and largest portion of the book is concerned with a group of proven protocols and variations on these protocols that might prove useful, many developend or modified in the author's laboratory. The second portion of the book covers the studies that have been published previously on each of the plant organelles. Numerous state of the art micrographs from researchers around the world are included to demonstrate typical results. 606 $aPlants$xDevelopment 606 $aImmunospecificity 606 $aCytology 606 $aBiology$xTechnique 606 $aPlant Development 606 $aAdaptive Immunity 606 $aCell Biology 606 $aBiological Techniques 615 0$aPlants$xDevelopment. 615 0$aImmunospecificity. 615 0$aCytology. 615 0$aBiology$xTechnique. 615 14$aPlant Development. 615 24$aAdaptive Immunity. 615 24$aCell Biology. 615 24$aBiological Techniques. 676 $a575.396 700 $aVaughn$b Kevin$01062077 801 0$bMiAaPQ 801 1$bMiAaPQ 801 2$bMiAaPQ 906 $aBOOK 912 $a9910437825303321 996 $aImmunocytochemistry of Plant Cells$92522618 997 $aUNINA